Birds of western ghats, kokan and malabar (including birds of goa). (Record no. 115539)
[ view plain ]
| 000 -LEADER | |
|---|---|
| fixed length control field | 00445nam a2200157Ia 4500 |
| 008 - FIXED-LENGTH DATA ELEMENTS--GENERAL INFORMATION | |
| fixed length control field | 210210b2003 xxu||||| |||| 00| 0 eng d |
| 020 ## - INTERNATIONAL STANDARD BOOK NUMBER | |
| International Standard Book Number | 019 566878 2 |
| 082 ## - DEWEY DECIMAL CLASSIFICATION NUMBER | |
| Classification number | 598.29548 PANB |
| 100 ## - MAIN ENTRY--PERSONAL NAME | |
| Personal name | PANDE (Satish) and Others. |
| 245 ## - TITLE STATEMENT | |
| Title | Birds of western ghats, kokan and malabar (including birds of goa). |
| 260 ## - PUBLICATION, DISTRIBUTION, ETC. | |
| Place of publication, distribution, etc. | Mumbai |
| Name of publisher, distributor, etc. | Bombay Natural History Society |
| Date of publication, distribution, etc. | 2003 |
| 300 ## - PHYSICAL DESCRIPTION | |
| Extent | 378 |
| 650 ## - SUBJECT ADDED ENTRY--TOPICAL TERM | |
| Topical term or geographic name entry element | Birds |
| 690 ## - LOCAL SUBJECT ADDED ENTRY--TOPICAL TERM (OCLC, RLIN) | |
| Topical term or geographic name as entry element | Birds |
| 906 ## - LOCAL DATA ELEMENT F, LDF (RLIN) | |
| a | SG04846 |
| Withdrawn status | Lost status | Damaged status | Not for loan | Collection code | Home library | Current library | Shelving location | Date acquired | Source of acquisition | Cost, normal purchase price | Total Checkouts | Full call number | Barcode | Date last seen | Price effective from | Koha item type |
|---|---|---|---|---|---|---|---|---|---|---|---|---|---|---|---|---|
| St Aloysius Library | St Aloysius Library | 02/17/2021 | Athree Book Centre, Mangalore-01 | 0.00 | 598.29548 PANB | SG04846 | 02/17/2021 | 02/17/2021 | Special Grants |